The Islands of New Zealand - Statistics

General Stats
  • This quiz has been taken 140 times
    135 since last reset
  • The average score is 9 of 36
Answer Stats
Population Island % Correct
3,450,800 North Island
99%
1,058,500 South Island
99%
400 Stewart Island
79%
600 Chatham Island
61%
7,700 Waiheke Island
60%
850 Great Barrier Island
56%
0 Little Barrier Island
44%
0 Auckland Island
37%
0 Rangitoto Island
30%
0 Kapiti Island
29%
81 Kawau Island
29%
52 d'Urville Island
27%
0 Campbell Island
25%
225 Matakana Island
24%
0 Pitt Island
20%
0 Motutapu Island
18%
0 Antipodes Island
17%
16 Rakino Island
14%
0 Tiritiri Matangi Island
13%
0 Mayor Island
12%
1 Motuihe Island
12%
6 Raoul Island
12%
0 Great Mercury Island
11%
0 Codfish Island
10%
0 Ponui Island
10%
0 Resolution Island
10%
50 Arapawa Island
8%
0 Adams Island
7%
27 Motiti Island
7%
0 Ruapuke Island
7%
0 Secretary Island
6%
0 Anchor Island
2%
0 Big South Cape Island
2%
0 Coal Island
2%
0 Cooper Island
2%
0 Long Island
2%
No matching quizzes found
Score Distribution
Percent of People with Each Score
Percentile by Number Answered
Your Score History
You have not taken this quiz since the last reset